Statistics at square one
Đã lưu trong:
| Tác giả chính: | |
|---|---|
| Tác giả của công ty: | |
| Định dạng: | Sách |
| Được phát hành: |
London
British Medical Association
1976
|
| Truy cập trực tuyến: | Visit NHRC Library |
| Các nhãn: |
Thêm thẻ
Không có thẻ, Là người đầu tiên thẻ bản ghi này!
|
| LEADER | 00691nam a2200217 4500 | ||
|---|---|---|---|
| 003 | 179 | ||
| 005 | 20220906184653.0 | ||
| 952 | |0 0 |1 0 |2 lcc |4 0 |6 WA 00900/SWI/01981 |7 0 |9 2465 |a NHRC |b NHRC |c CART |d 2012-02-18 |l 0 |o WA 900/SWI/1981 |p 000179a |r 2012-02-18 |w 2012-02-18 |y BK | ||
| 999 | |c 2360 |d 2360 | ||
| 020 | |a 0727900730 | ||
| 050 | |a WA 900 | ||
| 100 | |a Swinscow, T.D.V. |q T. D. V. Swinscow |9 3524 | ||
| 110 | |a British Medical Journal |9 3525 | ||
| 245 | |a Statistics at square one | ||
| 260 | |a London |b British Medical Association |c 1976 | ||
| 270 | |a WCiH9JP |b London |d UK | ||
| 300 | |a 86p. |b viii | ||
| 500 | |a Book | ||
| 546 | |a Eng. | ||
| 856 | |u http://nhrc.gov.np/contact/ |y Visit NHRC Library | ||
| 942 | |2 NLM |c BK | ||